000 00382nam a2200157Ia 4500
008 230917s9999||||xx |||||||||||||| ||und||
040 _e89236
_aMAIN
041 _aEnglish
082 _a658.8 C831M
100 _aCoughlan, Anne T
245 0 _aMarketing channels
250 _a6th ed.
260 _aSingapore
_bPearson Education
_c2002
300 _axviii, 590 p.
942 _cBK
999 _c115111
_d115111